| 000 | 00443nam a2200169Ia 4500 | ||
|---|---|---|---|
| 005 | 20260415160335.0 | ||
| 008 | 008 250505s9999 xx 000 0 eng d | ||
| 037 | _aTextual | ||
| 040 |
_aFEDL _beng _cFEDL |
||
| 041 |
_aeng _2eng |
||
| 084 |
_a530 DEE _qFEDL |
||
| 100 |
_aDees Bowen C _9621694 |
||
| 245 | 0 | _aFundamentals of physics | |
| 300 | _a480p. | ||
| 942 |
_cTEXL _h530 DEE |
||
| 999 |
_c1321848 _d1321848 |
||